000
00391nam a22001697a 4500
003
MPLRDC
005
20220104114510.0
008
210129b ||||| |||| 00| 0 eng d
082
_a
857.452 GY
100
_a
不详
245
_a
西汉演义
_c
260
_a
_b
广益书局
_c
300
_b
平
490
_a
中国古典文学名著
650
_a
历史小说
942
_c
BK
_o
857.452 GY
999
_c
7940
_d
7930